00739nam a22002055i 450000100060000000300090000600500170001500700030003200800410003504000200007610000160009624500510011226000670016330000280023049000510025850000300030950501190033983000510045885200240050948170ES-MaACL20230906161715.0t|950706s1894 fr ||||1| fre d aCAM bspa cCAM1 aCharrin, A.14aLes poisons de l'organisme / cpar A. Charrin. aParis : bMasson et Cie : bGauthier-Villars et fils, c[189-] a3 t. en 2 v. ; c19 cm.1 aEncyclopédie scientifique des aide-mémoire aPrefacio fechado en 1894.8 aContiene: t. 1. Poisons des tissus -- t. 2. Poisons de l'urine.- 2e ed. -- t. 3. Poisons du tube digestif.- 2e ed.0 aEncyclopédie scientifique des aide-mémoire aES-MaACLjF-12760-1